10 największych miast w Boliwii - Statystyki

Ogólne statystyki
  • Ten quiz został rozwiązany 24 razy
  • Średni wynik to 5 z 10
Statystyki odpowiedzi
Populacja Odpowiedź % Poprawnych
835 tys. La Paz
100%
284 tys. Sucre
100%
1616 tys. Santa Cruz
76%
618 tys. Cochabamba
59%
155 tys. Potosi
47%
217 tys. Oruro
35%
194 tys. Tarija
35%
953 tys. El Alto
29%
156 tys. Sacaba
0%
112 tys. Yacuiba
0%
Nie znaleziono quizów pasujących do podanych kryteriów
Rozkład punktacji
Procent ludzi z każdym wynikiem
Percentyl według liczby udzielonych odpowiedzi
Twoja historia wyników
Nie rozwiązałeś tego quizu